=LDR 00000nam 2200000 4500 =001 INLIS000000000040582 =005 20130612150138 =008 ***********************************ind** =035 ##$$0010-061300000040582 =041 ##$$a ind =082 ##$$a 650.1 =090 ##$$a 650.1 , Wan,g =100 ##$$a WARDOYO =245 ##$$a Game Online dan Bisnis warnet , Wardoyo =260 ##$$a 2009 $b Jakarta =300 ##$$a iv.100 hlm. , Illus , 20 cm =650 ##$$a BISNIS WARNET =850 ##$$a NBPNMAT